000 00417nam a2200157Ia 4500
008 230711s9999||||xx |||||||||||||| ||und||
041 _aENG
082 _a621.3
_bBU-I
100 _aBureau of Indian Standard
245 0 _aIS : 5513 1976
_bSpecification for vicat apparatus
250 _a1st
260 _c1976
_aNew Delhi
_bBureau of Indian Standard
300 _a9
650 _aMechanical Engineering
942 _cBK
999 _c1532
_d1532